000 00556nam a2200217Ia 4500
005 20241129120227.0
008 241129s9999||||xx |||||||||||||| ||und||
020 _a9788189962814
037 _aTB
040 _aSDCL
_beng
_cSDCL
041 _ahin
_2hin
084 _aO152,3N43x, R3
_qSDCL
100 _aMudgal Chitra
_9392716
245 0 _aDulhin
260 _aDelhi
_bRemadhav Prakashan India
_c2023
300 _a119p.
365 _aINR
_b495
650 _aReference
942 _cTB
_hO152,3N43x, R3
999 _c1233902
_d1233902